On a Composition of Independence Systems by Circuit-Identification

Salvato in:
Dettagli Bibliografici
Autore principale: Euler, R.
Altri autori: Mahjoub, A.R
Natura: Libro
Lingua:inglese
Pubblicazione: Bonn Rheinische-Friedrich-Wilhelms-Universität 1985
Serie:Report No. 85.13
Soggetti:
Tags: Aggiungi Tag
Nessun Tag, puoi essere il primo ad aggiungerne!!

MARC

LEADER 00000nam a2200000 4500
001 c041656
005 20041019155119.4
041 0 |a eng 
044 |a DE 
245 1 0 |a On a Composition of Independence Systems by Circuit-Identification  |c R. Euler, A.R. Mahjoub 
264 1 |a Bonn  |b Rheinische-Friedrich-Wilhelms-Universität  |c 1985 
300 |a 46 s. 
490 1 |a Report  |v No. 85.13 
830 0 |a Report  |v No. 85.13 
610 2 0 |a matematika aplikovaná 
100 1 |a Euler, R. 
700 1 |a Mahjoub, A.R.